| 000 | 00790nam a22002177a 4500 | ||
|---|---|---|---|
| 999 |
_c13073 _d13073 |
||
| 003 | AR-CdUCM | ||
| 008 | 190411b ||||| |||| 00| 0 spa d | ||
| 040 |
_aMUNICIPALIDAD PROVINCIAL DEL CUSCO _cBIBLIOTECA MUNICIPAL DEL CUSCO |
||
| 082 |
_22ed. _a869.26 / _bSA12 |
||
| 100 |
_aSábato, Ernesto _931269 |
||
| 245 | _aEl escritor y sus fantasmas / | ||
| 260 |
_aBuenos Aires : _bAguilar, _c1964. |
||
| 300 |
_a285 páginas ; _c20 cm. |
||
| 440 |
_aEnsayistas Hispánicos. _931270 |
||
| 505 | _aContenido: Interrogatorio preliminar -- Las letras y las artes en la crisis de nuestro tiempo -- Variaciones sobre el mismo tema -- | ||
| 650 |
_aNovelas argentinas _99625 |
||
| 650 |
_aSiglo XX _98 |
||
| 650 |
_aLiteratura Argentina _984 |
||
| 942 |
_2ddc _cLIBROS |
||
| 945 |
_aachl _d2019-04-11 |
||